000 01223nam0a2200313 i 4500
001 RU\NLR\bibl\1924549
005 20240921123713.0
010 _a9785845917645
_91500
021 _aRU
_b2012-45281
_93329
035 _a(NLR Aleph) 001913969
090 _a3214634
_c3214634
100 _a20120713d2012 u y0rusy50 ca
101 1 _arus
_ceng
102 _aRU
105 _aa |||||||||
200 1 _aMac OS X Lion
_eбиблия пользователя
_e[полный справочник]
_fГален Груман
_g[пер. с англ. И.В. Берштейна и др.]
210 _aМосква и др.
_cДиалектика
_d2012
215 _a912 с.
_cил.
_d24
300 _aЗагл. и авт. ориг.: Mac OS X Lion bible / Galen Gruman
320 _aПредм. указ.: с. 906-912
454 0 _12001#$aMac OS X Lion bible
_1700#1$aGruman$bG.$gGalen$4070
_tMac OS X Lion bible
_aGruman, Galen
606 1 _aMAC OS X LION, операционная система
_92090858
_3RU\NLR\auth\661569117
686 _aЗ973.23-018.2
700 1 _aГруман
_bГ.
_gГален
_4070
801 0 _aRU
_bNLR
_c20120713
_gRCR
801 1 _aRU
_bNLR
_c20120713
942 _cBOOK
980 _aNBR